Constitutional law (Record no. 396100)

MARC details
000 -LEADER
fixed length control field 00473 a2200193 4500
005 - DATE & TIME
control field 20260407124127.0
008 - FIXED-LENGTH DATA ELEMENTS--GENERAL INFORMATION
fixed length control field 260407b |||||||| |||| 00| 0 eng d
020 ## - ISBN
International Standard Book Number 9789349281806
Price Rs. 1850.00
040 ## - CATALOGING SOURCE
Original cataloging agency VIVEKANANDA LIBRARY
082 ## - DDC NUMBER
Classification number 342.54
Book Number S23C
100 ## - MAIN ENTRY--PERSONAL NAME
Personal name Sharma, R P
245 ## - TITLE STATEMENT
Title Constitutional law
260 ## - PUBLICATION, DISTRIBUTION, ETC. (IMPRINT)
Name of publisher, distributor, etc Yking Books
Date of publication, distribution, etc 2025
Place of publication, distribution, etc Jaipur
300 ## - PHYSICAL DESCRIPTION
Pages vi, 240
650 ## - Subject
Subject Law
650 ## - Subject
Subject Constitutional Law
650 ## - Subject
Subject India - Constitution
942 ## - ADDED ENTRY ELEMENTS (KOHA)
Koha item type Books
Holdings
Withdrawn status Lost status Source of classification or shelving scheme Damaged status Not for loan Location (home branch) Sublocation or collection (holding branch) Shelving location Date acquired Koha issues (times borrowed) Koha full call number Accession No. Koha date last seen Koha item type
    Dewey Decimal Classification     VIVEKANANDA LIBRARY VIVEKANANDA LIBRARY Law Library 02/02/2026   342.54 S23C 377795 02/02/2026 Books
© Designed and Maintained by Vivekananda Library, MDU Rohtak